Idealtheorie /

Guardado en:
Autor Principal: Krull, Wolfgang, 1899-
Formato: Libro
Idioma:German
Publicado: Berlin : Springer, 1968.
Edición:2., erg. Aufl.
Series:Ergebnisse der Mathematik und ihrer Grenzgebiete ; n.F., Bd. 46.
Materias:
Etiquetas: Agregar Etiqueta
Sin Etiquetas, Sea el primero en etiquetar este registro!
LEADER 00744cam a22002295a 4500
001 MAT.inmabb004575
008 760824s1968####gw#######b####001#0#ger##
005 20170518173316.0
245 1 0 |a Idealtheorie /  |c Wolfgang Krull. 
250 |a 2., erg. Aufl. 
260 |a Berlin :  |b Springer,  |c 1968. 
300 |a xii, 160 p. ;  |c 24 cm. 
490 1 |a Ergebnisse der Mathematik und ihrer Grenzgebiete ;  |v Bd. 46 
504 |a Bibliografía: p. 141-148. 
510 4 |a MR,  |c 37 #5197 
100 1 |a Krull, Wolfgang,  |d 1899- 
830 0 |a Ergebnisse der Mathematik und ihrer Grenzgebiete ;  |v n.F., Bd. 46. 
650 0 |a Ideals (Algebra) 
084 |a 13.10 (16.00)  |2 MR 
010 |a  68019087  
040 |a DLC  |c IEN  |d DLC 
859 |h 13  |i K94-2  |p A-4322  |b BIB. MATEMATICA